Tree Names - Latin to English #2 - Statistics

General Stats
  • This quiz has been taken 13 times
  • The average score is 5 of 18
Answer Stats
Hint Answer % Correct
Taxus baccata Yew
90%
Larix decidua European larch
80%
Pinus sylvestris Scots pine
70%
Picea abies Norway spruce
50%
Thuja plicata Western red cedar
50%
Picea sitchensis Sitka spruce
40%
Tsuga heterophylla Western hemlock
40%
Picea pungens glauca Blue spruce
20%
Pinus nigra maritima Corsican pine
20%
Larix leptolepsis Japanese larch
20%
Larix eurolepsis Hybrid larch
10%
Chamaecyparis lawsoniana Lawson’s cypress
10%
Abies procera Noble fir
10%
Picea omorika Serbian spruce
10%
Cupressocyparis leylandii Castlewellan gold
0%
Pinus contorta Contorta pine
0%
Cupressocyparis leylandii Leylandii green
0%
Abies nordmanniana Nordman’s fir
0%
No matching quizzes found
Score Distribution
Percent of People with Each Score
Percentile by Number Answered
Your Score History
You have not taken this quiz